000 00627nam a22002297a 4500
003 UA-OsUOA
001 94117
007 ta
008 20130205b un ||||| |||| 00| 0 ukr d
100 _aГроссман Л.
090 _a821.161.4
_bГ88
942 _cBK
040 _aUA-OsUOA
_brus
_cUA-OsUOA
_dUA-OsUOA
245 _aЛесков Н. С.
_bжизнь-творчество-поэтика
300 _a319 с.
955 _a1
041 _arus
080 _a821.161.4
260 _aМ.
_bГостиздат
_c1945
650 7 _a82 Література. Літературознавство
_2UDC
999 _c380324
_d380324